[Event "Samara Polugaevsky Memorial 7th"]
[Site "Samara"]
[Date "2017.07.16"]
[Round "9"]
[White "Tyurin, Ilya"]
[Black "Samchenko, Serafima"]
[Result "1-0"]
[WhiteElo "2009"]
[BlackElo "1762"]
[PlyCount "49"]
[EventDate "2017.07.08"]
[EventType "swiss"]
[EventRounds "9"]
[EventCountry "RUS"]
[SourceTitle "EXT 2018"]
[Source "ChessBase"]
[SourceDate "2017.10.13"]
[SourceVersion "1"]
[SourceVersionDate "2017.10.13"]
[SourceQuality "1"]

1. Nf3 d5 2. c4 Nf6 3. cxd5 Nxd5 4. Nc3 g6 5. e4 Nb6 6. d4 Bg7 7. Qb3 0-0 8. Be3 a5 9. h3 a4 10. Qc2 Nc6 11. Rd1 a3 12. bxa3 Rxa3 13. Nb5 Ra4 14. a3 Ra5 15. d5 Ne5 16. Qxc7 Nxf3+ 17. gxf3 Qxc7 18. Nxc7 Bc3+ 19. Ke2 Nc4 20. Rc1 Rxa3 21. Nb5 Ra2+ 22. Kd3 Nxe3 23. Na3 Rxf2 24. Kxe3 Rb2 25. Bb5 1-0

[Event "Samara Polugaevsky Memorial 7th"]
[Site "Samara"]
[Date "2017.07.15"]
[Round "8"]
[White "Dubinin, Alexsandr"]
[Black "Tyurin, Ilya"]
[Result "1/2-1/2"]
[WhiteElo "2186"]
[BlackElo "2009"]
[PlyCount "84"]
[EventDate "2017.07.08"]
[EventType "swiss"]
[EventRounds "9"]
[EventCountry "RUS"]
[SourceTitle "EXT 2018"]
[Source "ChessBase"]
[SourceDate "2017.10.13"]
[SourceVersion "1"]
[SourceVersionDate "2017.10.13"]
[SourceQuality "1"]

1. e4 e6 2. d4 d5 3. e5 c5 4. c3 Qb6 5. Nf3 Nc6 6. a3 Nh6 7. Bd3 cxd4 8. cxd4 Nf5 9. Bxf5 exf5 10. Nc3 Be6 11. 0-0 h6 12. Na4 Qd8 13. b4 b6 14. Nc3 Rc8 15. Ne2 Be7 16. Qd3 Qd7 17. Ng3 g6 18. Bd2 Kf8 19. Rfc1 Kg7 20. Ne1 Bg5 21. f4 Be7 22. Ne2 Nb8 23. Rcb1 a6 24. a4 Rc4 25. Nc2 Rhc8 26. Ne3 R4c7 27. Nc1 Kg8 28. Nb3 Kg7 29. Nc1 Kg8 30. Ne2 Kg7 31. Kh1 Kg8 32. b5 a5 33. Rg1 h5 34. h3 Kg7 35. g4 hxg4 36. hxg4 fxg4 37. Nxg4 Rh8+ 38. Kg2 Rh3 39. f5 Bh4 40. fxe6 Rg3+ 41. Kf1 Rxg1+ 42. Kxg1 Qxe6 1/2-1/2

[Event "Samara Polugaevsky Memorial 7th"]
[Site "Samara"]
[Date "2017.07.13"]
[Round "6"]
[White "Shapiro, David"]
[Black "Tyurin, Ilya"]
[Result "1-0"]
[WhiteElo "2322"]
[BlackElo "2009"]
[PlyCount "47"]
[EventDate "2017.07.08"]
[EventType "swiss"]
[EventRounds "9"]
[EventCountry "RUS"]
[SourceTitle "EXT 2018"]
[Source "ChessBase"]
[SourceDate "2017.10.13"]
[SourceVersion "1"]
[SourceVersionDate "2017.10.13"]
[SourceQuality "1"]

1. Nf3 Nf6 2. c4 e6 3. Nc3 d5 4. d4 dxc4 5. e4 Bb4 6. Bg5 c5 7. Bxc4 Qa5 8. Bd2 cxd4 9. Nxd4 Qc5 10. Bb5+ Nbd7 11. Nb3 Qc7 12. Rc1 Qb8 13. 0-0 0-0 14. f4 e5 15. fxe5 Nxe5 16. Rxf6 gxf6 17. Nd5 Ng4 18. Bf4 Bd6 19. Ne7+ Bxe7 20. Bxb8 Rxb8 21. Rxc8 Rbxc8 22. Qxg4+ Kh8 23. e5 Rg8 24. Qf5 1-0